The good sister / (Record no. 351)

MARC details
000 -LEADER
fixed length control field 00523nam a2200193 4500
001 - CONTROL NUMBER
control field 404
005 - DATE AND TIME OF LATEST TRANSACTION
control field 20181127161501.0
008 - FIXED-LENGTH DATA ELEMENTS--GENERAL INFORMATION
fixed length control field s2002 000 1 eng u
010 ## - LIBRARY OF CONGRESS CONTROL NUMBER
LC control number 20-02017137
020 ## - INTERNATIONAL STANDARD BOOK NUMBER
International Standard Book Number 0312984685
100 1# - MAIN ENTRY--PERSONAL NAME
Personal name Diamond, Diana.
245 14 - TITLE STATEMENT
Title The good sister /
Statement of responsibility, etc. Diana Diamond.
260 ## - PUBLICATION, DISTRIBUTION, ETC.
Place of publication, distribution, etc. New York :
Name of publisher, distributor, etc. St. Martins Press,
Date of publication, distribution, etc. 2002.
300 ## - PHYSICAL DESCRIPTION
Extent 343 p.
650 ## - SUBJECT ADDED ENTRY--TOPICAL TERM
Topical term or geographic name entry element Inheritance and succession
General subdivision Fiction.
Topical term or geographic name entry element Mystery fiction.
Topical term or geographic name entry element Psychological fiction.
Topical term or geographic name entry element Sisters
General subdivision Fiction.
Holdings
Withdrawn status Lost status Source of classification or shelving scheme Damaged status Not for loan Collection code Home library Current library Shelving location Date acquired Serial Enumeration / chronology Inventory number Total Checkouts Total Renewals Full call number Barcode Date last seen Date last checked out Price effective from Koha item type
    Dewey Decimal Classification     Fiction RTC Library RTC Library Fiction 26/02/2021 1144 3 3 FIC 813.54 DIA 30000810 03/01/2022 15/03/2021 27/11/2018 Fiction
Royal Thimphu College || All Right Reserved